India: A Sacred Geography (Record no. 12614)
[ view plain ]
| 000 -LEADER | |
|---|---|
| fixed length control field | 00342 a2200145 4500 |
| 003 - CONTROL NUMBER IDENTIFIER | |
| control field | OSt |
| 005 - DATE AND TIME OF LATEST TRANSACTION | |
| control field | 20240517165402.0 |
| 008 - FIXED-LENGTH DATA ELEMENTS--GENERAL INFORMATION | |
| fixed length control field | 240517b ||||| |||| 00| 0 eng d |
| 020 ## - INTERNATIONAL STANDARD BOOK NUMBER | |
| International Standard Book Number | 978-0385531924 |
| 082 ## - DEWEY DECIMAL CLASSIFICATION NUMBER | |
| Classification number | 294.50954 |
| 100 ## - MAIN ENTRY--PERSONAL NAME | |
| Personal name | Eck, Diana L |
| 245 ## - TITLE STATEMENT | |
| Title | India: A Sacred Geography |
| 260 ## - PUBLICATION, DISTRIBUTION, ETC. (IMPRINT) | |
| Name of publisher, distributor, etc | Harmony; |
| Date of publication, distribution, etc | 2013 |
| 942 ## - ADDED ENTRY ELEMENTS (KOHA) | |
| Source of classification or shelving scheme | |
| Withdrawn status | Lost status | Source of classification or shelving scheme | Damaged status | Koha normalized classification for sorting | Not for loan | Permanent location | Current location | Date acquired | Source of acquisition | Cost, normal purchase price | Full call number | Barcode | Date last seen | Cost, replacement price | Price effective from | Koha item type | Public note | Total Checkouts | Checked out | Date last borrowed |
|---|---|---|---|---|---|---|---|---|---|---|---|---|---|---|---|---|---|---|---|---|
| 294_509540000000000 | Not For Loan | BMS College of Architecture, Design and Planning | BMS College of Architecture, Design and Planning | 2024-05-17 | 19 | 1350.00 | 294.50954 | AR-UG4245 | 2024-05-17 | 999.00 | 2024-05-17 | UG Books | S-08 | |||||||
| 294_509540000000000 | BMS College of Architecture, Design and Planning | BMS College of Architecture, Design and Planning | 2024-05-17 | 19 | 1350.00 | 294.50954 | AR-UG4243 | 2024-05-17 | 999.00 | 2024-05-17 | UG Books | S-08 | ||||||||
| 294_509540000000000 | BMS College of Architecture, Design and Planning | BMS College of Architecture, Design and Planning | 2024-05-17 | 19 | 1350.00 | 294.50954 | AR-UG4244 | 2025-11-07 | 999.00 | 2024-05-17 | UG Books | S-08 | 2 | 2025-11-22 | 2025-11-07 | |||||
| 294_509540000000000 | BMS College of Architecture, Design and Planning | BMS College of Architecture, Design and Planning | 2024-05-17 | 19 | 1350.00 | 294.50954 | AR-UG4242 | 2024-09-09 | 999.00 | 2024-05-17 | UG Books | S-08 | 1 | 2024-06-10 | ||||||
| 294_509540000000000 | BMS College of Architecture, Design and Planning | BMS College of Architecture, Design and Planning | 2024-05-17 | 19 | 1350.00 | 294.50954 | AR-UG4241 | 2026-02-26 | 999.00 | 2024-05-17 | UG Books | S-08 | 4 | 2026-03-13 | 2026-02-26 |